Safeguards, countervailing & antidumping measures : Against imports & exports- Commentary, cases and text (Record no. 41926)

MARC details
000 -LEADER
fixed length control field 00391nam a2200121Ia 4500
020 ## - INTERNATIONAL STANDARD BOOK NUMBER
ISBN 8186234098
082 ## - DEWEY DECIMAL CLASSIFICATION NUMBER
Classification number 339.543.328
Item number GUP
100 ## - MAIN ENTRY--AUTHOR NAME
Personal name Gupta
245 #0 - TITLE STATEMENT
Title Safeguards, countervailing & antidumping measures : Against imports & exports- Commentary, cases and text
260 ## - PUBLICATION, DISTRIBUTION, ETC. (IMPRINT)
Place of publication New Delhi
Year of publication Academy of Business Studies;1998
942 ## - ADDED ENTRY ELEMENTS (KOHA)
Koha item type Books
Holdings
Withdrawn status Lost status Damaged status Not for loan Home library Current library Date acquired Cost, normal purchase price Full call number Accession Number Koha item type
        RRII Library RRII Library 16/12/2021 640.00 339.543.328 GUP 22207 Books